000 00774nam a22002177a 4500
003 UA-OsUOA
001 108635
007 ta
008 20141103b un ||||| |||| 00| 0 ukr d
100 _aРайхель Ю.
090 _a32
_bР18
942 _cSA
040 _aUA-OsUOA
_bukr
_cUA-OsUOA
_dUA-OsUOA
245 _aНавіщо Кремлю "вибори" в "ДНП" і "ЛНР"? Свої відносини з Росією Україна зможе збудувати лише тоді, коли російські окупанти зазнають саме військової поразки на Донбасі
300 _aС.5
955 _a0
041 _aukr
080 _a32
773 0 _w108634
650 7 _a32 Політика
_2UDC
999 _c394627
_d394627